| 000 | 00859nam a2200253 a 4500 | ||
|---|---|---|---|
| 001 | 000006382 | ||
| 005 | 20251009102003.0 | ||
| 008 | 090828s1993 mx 000 0 spa d | ||
| 020 | _a970100325X | ||
| 040 | _aDO-SdBNP | ||
| 082 |
_a351 _bG993i |
||
| 100 | 1 |
_aAmaro Guzmán, Raymundo _9656 |
|
| 245 | 1 | 0 |
_aIntroducción a la administración pública / _cRaymundo Amaro Guzmán ; prólogo Luis Scheker Ortiz. |
| 250 | _a2a ed. | ||
| 260 |
_aMéxico, _c1993. |
||
| 300 |
_axiv, 513 p. ; _c21 cm. |
||
| 504 | _aIncluye referencias bibliográficas y notas al pie de las páginas. | ||
| 504 | _aIncluye bibliografías. | ||
| 650 | 4 |
_aAdministración pública _zRepública Dominicana _93011 |
|
| 650 | 0 |
_aGobernabilidad _917751 |
|
| 651 | 0 |
_aRepública Dominicana _xPolítica y gobierno _945 |
|
| 700 | 1 |
_aScheker Ortiz, Luis, _epról. _99515 |
|
| 049 | _aBNPD | ||
| 999 |
_c6177 _d6177 |
||